Dans quels pays sont les 100 plus grandes agglomérations du monde ? - Statistiques

Statistiques générales
  • Ce quiz a été pris 105 fois
  • Le résultat moyen est 74 sur 100
Statistiques - réponses
Hint Réponse % Correct
Shanghai Chine
98%
Delhi Inde
96%
Tokyo Japon
96%
Mexico Mexique
96%
Le Caire Égypte
95%
Pékin Chine
94%
Séoul Corée du Sud
94%
Sao Paulo Brésil
93%
Guangzhou Chine
92%
New York États Unis
92%
Moscou Russie
91%
Los Angeles États Unis
90%
Londres Royaume Uni
90%
Bangkok Thaïlande
90%
Rio de Janeiro Brésil
89%
Paris France
89%
Bombay Inde
89%
Buenos Aires Argentine
88%
Istanbul Turquie
88%
Xi'an Chine
86%
Hong Kong Chine
86%
Chicago États Unis
86%
San Francisco États Unis
86%
Houston États Unis
86%
Osaka Japon
86%
Wuhan Chine
85%
Madrid Espagne
85%
Boston États Unis
85%
Philadelphie États Unis
85%
Miami États Unis
85%
Johannesburg Afrique du Sud
84%
Xiamen Chine
84%
Zhengzhou Chine
84%
Washington États Unis
84%
Milan Italie
84%
Lima Pérou
84%
Chongqing Chine
83%
Dallas États Unis
83%
Chengdu Chine
82%
Hangzhou Chine
82%
Jakarta Indonésie
82%
Tianjin Chine
81%
Shenyang Chine
81%
Bogotá Colombie
81%
Dubaï Émirats Arabes Unis
81%
Atlanta États Unis
81%
Détroit États Unis
81%
Saint Pétersbourg Russie
81%
Singapour Singapour
81%
Alexandrie Égypte
80%
Téhéran Iran
80%
Toronto Canada
79%
Qingdao Chine
79%
Manille Philippines
79%
Shijiazhuang Chine
78%
Bagdad Irak
77%
Kinshasa République Démocratique du Congo
77%
Riyad Arabie Saoudite
76%
Lagos Nigeria
76%
Calcutta Inde
75%
Santiago Chili
74%
Nairobi Kenya
74%
Kuala Lumpur Malaisie
74%
Taipei Taïwan
74%
Hanoï Vietnam
74%
Shantou Chine
73%
Taiyuan Chine
73%
Abidjan Côte d'Ivoire
71%
Hô Chi Minh Ville Vietnam
71%
Jinan Chine
70%
Nagoya Japon
70%
La Ruhr Allemagne
69%
Changsha Chine
69%
Bamako Mali
67%
Guadalajara Mexique
66%
Dacca Bangladesh
65%
Nankin Chine
65%
Kunming Chine
64%
Nanning Chine
63%
Amman Jordanie
61%
Bangalore Inde
59%
Khartoum Soudan
59%
Karachi Pakistan
58%
Ningbo Chine
57%
Luanda Angola
56%
Accra Ghana
56%
Hefei Chine
53%
Dar es Salaam Tanzanie
50%
Monterrey Mexique
48%
Dalian Chine
43%
Chennai Inde
42%
Hyderabad Inde
42%
Harbin Chine
41%
Lahore Pakistan
39%
Rangoon Birmanie
36%
Pune Inde
33%
Surate Inde
32%
Ahmedabad Inde
30%
Surabaya Indonésie
29%
Bandung Indonésie
22%
Aucun quiz correspondant
Distribution des résultats
% des personnes avec chaque résultat
Percentile par nombre de réponses
Votre historique - résultats
Vous n’avez pas pris ce quiz